000 00229nam a22000857a 4500
008 170601b xxu||||| |||| 00| 0 eng d
100 _93211
_aShastri. K
245 _aThe Adventure of Golden Flowers
260 _aNew Delhi
_bDevamala
_c2001
999 _c6524
_d6524